[Event "Presolana op 35th"]
[Site "Presolana"]
[Date "2015.08.28"]
[Round "6"]
[White "Cerutti, Fabio Maria"]
[Black "Caputi, Giuliano"]
[Result "0-1"]
[WhiteElo "1805"]
[BlackElo "1884"]
[PlyCount "148"]
[EventDate "2015.08.23"]
[EventType "swiss"]
[EventRounds "8"]
[EventCountry "ITA"]
[SourceTitle "EXT 2024"]
[Source "ChessBase"]
[SourceDate "2023.10.10"]
[SourceVersion "1"]
[SourceVersionDate "2023.10.10"]
[SourceQuality "1"]

1. e4 e5 2. Nf3 Nc6 3. Bb5 a6 4. Bxc6 bxc6 5. Nxe5 Qe7 6. d4 d6 7. Nf3 Qxe4+ 8. Be3 Bf5 9. c3 Qd3 10. Nbd2 Nf6 11. Qa4 Qb5 12. Qb3 Bd3 13. c4 Qxb3 14. axb3 Be7 15. Nb1 Bxb1 16. Rxb1 Rb8 17. Nd2 d5 18. c5 Ne4 19. Ra1 Nxd2 20. Kxd2 Kd7 21. Kc2 Rb4 22. Rxa6 Rhb8 23. Ra3 Bf6 24. Rd1 h5 25. Rd3 g6 26. Ra4 R4b5 27. h3 R8b7 28. Bf4 Bg7 29. Bg5 Rb8 30. Ra7 R8b7 31. Rxb7 Rxb7 32. Kc3 Rb8 33. Rf3 Rf8 34. Re3 Re8 35. Bf4 Rb8 36. Rf3 Re8 37. Re3 Rb8 38. Bg5 Re8 39. Rxe8 Kxe8 40. Be3 Kd7 41. Kb4 Kc8 42. Ka5 Kb7 43. b4 Bf6 44. g3 Bg7 45. b5 cxb5 46. Kxb5 c6+ 47. Ka5 Bf6 48. h4 Bd8+ 49. Ka4 Ka6 50. Bd2 Bf6 51. Be3 Bd8 52. Bf4 Ba5 53. b4 Bd8 54. Be5 f6 55. Bd6 g5 56. hxg5 fxg5 57. f4 gxf4 58. gxf4 h4 59. f5 h3 60. Be5 Bf6 61. Bh2 Bxd4 62. b5+ cxb5+ 63. Kb4 Kb7 64. Kxb5 Bf6 65. c6+ Kc8 66. Kc5 d4 67. Kc4 Kd8 68. Bd6 Kc8 69. Bf4 Kd8 70. Kd3 Ke8 71. Ke4 Bg7 72. Kf3 d3 73. Kf2 Bf6 74. Ke3 Bg5 0-1

[Event "Presolana op 35th"]
[Site "Presolana"]
[Date "2015.08.24"]
[Round "2"]
[White "Fiscato, Claudio"]
[Black "Cerutti, Fabio Maria"]
[Result "0-1"]
[WhiteElo "1742"]
[BlackElo "1805"]
[PlyCount "78"]
[EventDate "2015.08.23"]
[EventType "swiss"]
[EventRounds "8"]
[EventCountry "ITA"]
[SourceTitle "EXT 2024"]
[Source "ChessBase"]
[SourceDate "2023.10.10"]
[SourceVersion "1"]
[SourceVersionDate "2023.10.10"]
[SourceQuality "1"]

1. d4 Nf6 2. Nf3 c5 3. e3 d5 4. b3 Nc6 5. Bb2 Bg4 6. Be2 e6 7. 0-0 Bd6 8. Nbd2 0-0 9. c4 Qe7 10. dxc5 Bxc5 11. a3 a5 12. Ne1 Bxe2 13. Qxe2 Rfd8 14. Ndf3 d4 15. exd4 Nxd4 16. Nxd4 Bxd4 17. Bxd4 Rxd4 18. Nf3 Rd7 19. Rfb1 h6 20. h3 Qc5 21. a4 Rad8 22. Rd1 Qb6 23. Rxd7 Nxd7 24. Rb1 Nc5 25. Qe3 Rd3 26. Qe2 Rxb3 27. Rd1 Nxa4 28. Qe5 Rb1 29. Rxb1 Qxb1+ 30. Kh2 Qb4 31. Qb8+ Kh7 32. Ne5 Qe7 33. Ng4 Nc5 34. Ne3 a4 35. Qe5 Na6 36. Qe4+ Kg8 37. Nf5 Qc7+ 38. Ng3 a3 39. Qd3 a2 0-1

[Event "Presolana op 35th"]
[Site "Presolana"]
[Date "2015.08.23"]
[Round "1"]
[White "Cerutti, Fabio Maria"]
[Black "Rorato, Renzo"]
[Result "0-1"]
[WhiteElo "1805"]
[BlackElo "1963"]
[PlyCount "52"]
[EventDate "2015.08.23"]
[EventType "swiss"]
[EventRounds "8"]
[EventCountry "ITA"]
[SourceTitle "EXT 2024"]
[Source "ChessBase"]
[SourceDate "2023.10.10"]
[SourceVersion "1"]
[SourceVersionDate "2023.10.10"]
[SourceQuality "1"]

1. e4 c5 2. Nc3 Nc6 3. g3 g6 4. Bg2 Bg7 5. d3 d6 6. Be3 Bd7 7. Qd2 Rb8 8. Nge2 b5 9. 0-0 b4 10. Nd1 Nd4 11. Nc1 Nf6 12. c3 Ne6 13. h3 0-0 14. Ne2 a5 15. d4 bxc3 16. bxc3 Bb5 17. f4 Nd7 18. e5 dxe5 19. fxe5 Nxe5 20. Nb2 cxd4 21. cxd4 Bxe2 22. Qxe2 Nxd4 23. Qf2 Rxb2 24. Qxb2 Nc4 25. Qf2 Nxe3 26. Qxe3 Nc2 0-1

[Event "Robecchetto op-B 25th"]
[Site "Robecchetto"]
[Date "2014.12.27"]
[Round "3"]
[White "Cerutti, Fabio Maria"]
[Black "Palminteri, Vincenzo"]
[Result "1-0"]
[WhiteElo "1659"]
[BlackElo "1776"]
[PlyCount "29"]
[EventDate "2014.12.26"]
[EventType "swiss"]
[EventRounds "6"]
[EventCountry "ITA"]
[SourceTitle "EXT 2017"]
[Source "ChessBase"]
[SourceDate "2016.10.25"]
[SourceVersion "1"]
[SourceVersionDate "2016.10.25"]
[SourceQuality "1"]

1. e4 Nf6 2. e5 Nd5 3. d4 d6 4. c4 Nb6 5. exd6 cxd6 6. Be3 Nc6 7. Nc3 Bf5 8. Nf3 e6 9. b3 Be7 10. Bd3 Bxd3 11. Qxd3 Bf6 12. 0-0 0-0 13. Ne4 Be7 14. Nfg5 h6 15. Nf6+ 1-0

[Event "Milan Crespi op-B 35th"]
[Site "Milan"]
[Date "2014.12.08"]
[Round "7"]
[White "Cerutti, Fabio Maria"]
[Black "Vece, Luigi"]
[Result "1-0"]
[WhiteElo "1659"]
[BlackElo "1608"]
[PlyCount "59"]
[EventDate "2014.12.04"]
[EventType "swiss"]
[EventRounds "7"]
[EventCountry "ITA"]
[SourceTitle "EXT 2017"]
[Source "ChessBase"]
[SourceDate "2016.10.25"]
[SourceVersion "1"]
[SourceVersionDate "2016.10.25"]
[SourceQuality "1"]

1. e4 c5 2. Nc3 Nc6 3. g3 d6 4. Bg2 g6 5. d3 Bg7 6. Be3 e6 7. Qd2 Nge7 8. Bh6 0-0 9. Bxg7 Kxg7 10. h4 h5 11. Nge2 d5 12. g4 hxg4 13. h5 Rh8 14. 0-0-0 d4 15. Nb5 a6 16. Na3 Ng8 17. hxg6 Rxh1 18. Rxh1 fxg6 19. Qf4 e5 20. Qh2 Qg5+ 21. Kd1 Nh6 22. Nc4 Be6 23. f4 gxf3 24. Bxf3 Bxc4 25. dxc4 Rh8 26. Rg1 Qe3 27. Qg2 g5 28. Ng3 Ne7 29. Re1 Qxe1+ 30. Kxe1 1-0

[Event "Milan Crespi op-B 35th"]
[Site "Milan"]
[Date "2014.12.05"]
[Round "2"]
[White "Cerutti, Fabio Maria"]
[Black "Cervini, Gian Piero"]
[Result "1-0"]
[WhiteElo "1659"]
[BlackElo "1782"]
[PlyCount "47"]
[EventDate "2014.12.04"]
[EventType "swiss"]
[EventRounds "7"]
[EventCountry "ITA"]
[SourceTitle "EXT 2017"]
[Source "ChessBase"]
[SourceDate "2016.10.25"]
[SourceVersion "1"]
[SourceVersionDate "2016.10.25"]
[SourceQuality "1"]

1. e4 g6 2. d4 Bg7 3. Nc3 d6 4. f4 Nf6 5. Nf3 0-0 6. Bd3 c5 7. dxc5 dxc5 8. e5 Nd5 9. Nxd5 Qxd5 10. Qe2 e6 11. Be4 Qd8 12. Be3 Na6 13. h4 h5 14. Ng5 Rb8 15. g4 hxg4 16. h5 f6 17. exf6 Bxf6 18. Qxg4 e5 19. Ne6 Qe8 20. Bd5 Nb4 21. Bb3 c4 22. Bxc4 Qc6 23. Qxg6+ Kh8 24. Qh6+ 1-0

[Event "Bratto op-B 34th"]
[Site "Bratto"]
[Date "2014.08.25"]
[Round "3"]
[White "Cerutti, Fabio Maria"]
[Black "Mortola, Alberto"]
[Result "0-1"]
[WhiteElo "1761"]
[BlackElo "1949"]
[PlyCount "110"]
[EventDate "2014.08.23"]
[EventType "swiss"]
[EventRounds "8"]
[EventCountry "ITA"]
[SourceTitle "EXT 2017"]
[Source "ChessBase"]
[SourceDate "2016.10.25"]
[SourceVersion "1"]
[SourceVersionDate "2016.10.25"]
[SourceQuality "1"]

1. e4 e5 2. Nf3 Nc6 3. Bb5 a6 4. Bxc6 bxc6 5. Nxe5 Qe7 6. d4 d6 7. Nf3 Qxe4+ 8. Be3 Bg4 9. Nbd2 Qf5 10. 0-0 Nf6 11. h3 Bxf3 12. Nxf3 Be7 13. Re1 0-0 14. Bg5 Rfe8 15. Re2 Bf8 16. Bxf6 Qxf6 17. Qe1 Re6 18. Rxe6 fxe6 19. Qe4 d5 20. Qg4 Qf5 21. Qxf5 exf5 22. Ne5 c5 23. Rd1 Bd6 24. f4 cxd4 25. Nc6 Re8 26. Kf1 Bxf4 27. Nxd4 Bg3 28. Ne2 Be5 29. Rxd5 Bxb2 30. Rxf5 Re5 31. Rxe5 Bxe5 32. Kf2 Kf7 33. Ke3 Ke6 34. c4 Bf6 35. Ke4 Kd6 36. Nf4 Kc5 37. Ne6+ Kxc4 38. Nxc7 a5 39. Nd5 a4 40. Nb6+ Kb4 41. Kd3 Ka3 42. Nc4+ Kxa2 43. Kc2 Be7 44. Nb6 Ka3 45. g3 Bf6 46. Nd5 Be5 47. g4 Bf6 48. Nb6 Kb4 49. Nd5+ Kc5 50. Nf4 Kc4 51. Nd3 a3 52. Nc1 Be7 53. Na2 Kd4 54. Kd2 Ke4 55. Ke2 Bc5 0-1

[Event "Bratto op-B 34th"]
[Site "Bratto"]
[Date "2014.08.23"]
[Round "1"]
[White "Cerutti, Fabio Maria"]
[Black "Nunziata, Vincenzo"]
[Result "0-1"]
[WhiteElo "1761"]
[BlackElo "1911"]
[PlyCount "64"]
[EventDate "2014.08.23"]
[EventType "swiss"]
[EventRounds "8"]
[EventCountry "ITA"]
[SourceTitle "EXT 2017"]
[Source "ChessBase"]
[SourceDate "2016.10.25"]
[SourceVersion "1"]
[SourceVersionDate "2016.10.25"]
[SourceQuality "1"]

1. e4 d6 2. d4 Nf6 3. Nc3 c6 4. f4 Qa5 5. Bd3 e5 6. Nf3 Nbd7 7. Bd2 Qc7 8. 0-0 Be7 9. Qe1 0-0 10. fxe5 dxe5 11. Bg5 exd4 12. Nxd4 Bc5 13. Nce2 Qe5 14. Bxf6 Nxf6 15. c3 Ng4 16. Qg3 Qxg3 17. Nxg3 Ne5 18. Be2 Re8 19. Kh1 Bd7 20. Rad1 Rad8 21. h3 Bb6 22. Nf3 Nxf3 23. Rxf3 Be6 24. a3 Rxd1+ 25. Bxd1 Rd8 26. Be2 Rd2 27. b4 Bc7 28. Bf1 Ra2 29. c4 Ra1 30. Kh2 h5 31. h4 Bg4 32. Rf2 Rxa3 0-1

[Event "Milan SSM op 07"]
[Site "Milan"]
[Date "2014.07.05"]
[Round "3"]
[White "Frignani, Alessandro"]
[Black "Cerutti, Fabio Maria"]
[Result "1/2-1/2"]
[WhiteElo "1470"]
[BlackElo "1795"]
[PlyCount "146"]
[EventDate "2014.07.03"]
[EventType "swiss"]
[EventRounds "5"]
[EventCountry "ITA"]
[SourceTitle "EXT 2016"]
[Source "ChessBase"]
[SourceDate "2015.10.08"]
[SourceVersion "1"]
[SourceVersionDate "2015.10.08"]
[SourceQuality "1"]

1. e4 c5 2. Nc3 Nc6 3. Bc4 e6 4. f4 Nge7 5. Nf3 g6 6. d4 cxd4 7. Nxd4 Bg7 8. Nxc6 Nxc6 9. Nb5 0-0 10. Nd6 Qb6 11. c3 Nd4 12. e5 Nf5 13. Nxf5 gxf5 14. Bb3 f6 15. Qe2 fxe5 16. fxe5 Qc5 17. Bf4 b6 18. 0-0-0 Rf7 19. Rhf1 Bb7 20. g3 a5 21. Rd4 Bc6 22. Rfd1 a4 23. Bc2 a3 24. Bb3 axb2+ 25. Kxb2 Qa3+ 26. Kb1 Be4+ 27. Ka1 Qxb3 28. Qb2 Qxb2+ 29. Kxb2 Bc6 30. Rb4 b5 31. a3 Bf8 32. Rb3 b4 33. cxb4 Ba4 34. Rc1 Bxb3 35. Kxb3 Ra6 36. Rc8 Kg7 37. a4 d5 38. b5 Raa7 39. Rc6 Rac7 40. Rxe6 Rc4 41. Bh6+ Kg8 42. Re8 Rb4+ 43. Kc2 Rc7+ 44. Kd3 Rg7 45. Bxg7 Kxg7 46. Ra8 Bc5 47. Ra6 h5 48. e6 Kf6 49. Kc3 d4+ 50. Kc2 Ke5 51. e7 Bxe7 52. b6 Bc5 53. a5 Kd5 54. h3 Kc6 55. Ra7 Bd6 56. Kd3 Bxg3 57. Ra8 Kb7 58. Ra7+ Kc6 59. Ra8 Be5 60. Rf8 Rb3+ 61. Ke2 f4 62. Rc8+ Kb7 63. Rc5 Re3+ 64. Kd2 f3 65. Rd5 Rb3 66. Rxe5 d3 67. Rxh5 f2 68. Rf5 Rb2+ 69. Kxd3 Ka6 70. h4 Rb4 71. h5 Rh4 72. Ke2 Rh2 73. Rxf2 Rxh5 1/2-1/2

[Event "Robecchetto op-B 24th"]
[Site "Robecchetto"]
[Date "2013.12.29"]
[Round "5"]
[White "Paniga, Danilo"]
[Black "Cerutti, Fabio Maria"]
[Result "1-0"]
[WhiteElo "1843"]
[BlackElo "1772"]
[PlyCount "55"]
[EventDate "2013.12.27"]
[EventType "swiss"]
[EventRounds "6"]
[EventCountry "ITA"]
[SourceTitle "EXT 2015"]
[Source "ChessBase"]
[SourceDate "2014.11.20"]
[SourceVersion "1"]
[SourceVersionDate "2014.11.20"]
[SourceQuality "1"]

1. d4 c5 2. e3 d5 3. Nf3 Nc6 4. c3 e6 5. Bd3 Nf6 6. Nbd2 Bd6 7. 0-0 0-0 8. dxc5 Bxc5 9. e4 d4 10. Nb3 Bb6 11. e5 Nd5 12. cxd4 Bc7 13. Nc5 Ndb4 14. Bxh7+ Kh8 15. Be4 b6 16. Nd3 Nd5 17. Bxd5 Qxd5 18. Nf4 Qd8 19. Be3 Bb7 20. Rc1 Nb4 21. a3 Nd5 22. Nxd5 Bxd5 23. Ng5 g6 24. Qg4 Kg7 25. Ne4 Bxe4 26. Qxe4 Rc8 27. Qg4 Rh8 28. Bg5 1-0

[Event "Milan Crespi op-A 34th"]
[Site "Milan"]
[Date "2013.12.08"]
[Round "6"]
[White "Cerutti, Fabio Maria"]
[Black "Paganini, Andrea"]
[Result "0-1"]
[WhiteElo "1772"]
[BlackElo "1878"]
[PlyCount "56"]
[EventDate "2013.12.04"]
[EventType "swiss"]
[EventRounds "7"]
[EventCountry "ITA"]
[SourceTitle "EXT 2024"]
[Source "ChessBase"]
[SourceDate "2023.10.10"]
[SourceVersion "1"]
[SourceVersionDate "2023.10.10"]
[SourceQuality "1"]

1. e4 e5 2. Nf3 Nc6 3. Bb5 g6 4. 0-0 Bg7 5. d3 Nge7 6. Nc3 a6 7. Ba4 b5 8. Bb3 Na5 9. Bd2 Nxb3 10. axb3 Bb7 11. Qc1 h5 12. Re1 d6 13. Ng5 Qd7 14. f4 f6 15. Nh3 0-0-0 16. Na2 d5 17. fxe5 dxe4 18. exf6 Bxf6 19. Nf2 exd3 20. Nxd3 Qg4 21. Nf4 g5 22. h3 Qg3 23. Re2 gxf4 24. Bxf4 Bd4+ 25. Be3 Be5 26. Qe1 Qh2+ 27. Kf1 Rhf8+ 28. Rf2 Qxg2+ 0-1